Broad Money Demand and Monetary Policy in Tunisia

Saved in:
Bibliographic Details
Main Author: Treichel, Volker
Format: Book
Language:English
Published: Washington International Monetary Fund 1997
Edition:1. ed.
Series:IMF Working Paper 22
Subjects:
Tags: Add Tag
No Tags, Be the first to tag this record!

MARC

LEADER 00000nam a2200000 4500
001 c020921
005 20221129110128.8
041 0 |a eng 
044 |a US 
245 1 0 |a Broad Money Demand and Monetary Policy in Tunisia  |c Volker Treichel 
250 |a 1. ed. 
264 1 |a Washington  |b International Monetary Fund  |c 1997 
300 |a 27 s. 
490 1 |a IMF Working Paper  |v 22 
830 0 |a IMF Working Paper  |v 22 
610 2 0 |a politika peňažná 
610 2 0 |a politika menová 
610 2 0 |a dopyt 
610 2 0 |a peniaze 
610 2 0 |a Tunisko 
610 2 0 |a agregáty menové 
100 1 |a Treichel, Volker